[Event "Goch op 24th"]
[Site "Goch"]
[Date "2013.09.07"]
[Round "5"]
[White "Schaefers, Bernd"]
[Black "Van Lanen, Antoon"]
[Result "1-0"]
[WhiteElo "1859"]
[BlackElo "2119"]
[PlyCount "133"]
[EventDate "2013.09.05"]
[EventType "swiss"]
[EventRounds "7"]
[EventCountry "GER"]
[SourceTitle "EXT 2015"]
[Source "ChessBase"]
[SourceDate "2014.11.20"]
[SourceVersion "1"]
[SourceVersionDate "2014.11.20"]
[SourceQuality "1"]

1. e4 d5 2. exd5 Qxd5 3. Nc3 Qd6 4. Bc4 Nf6 5. d3 a6 6. Nge2 b5 7. Bb3 Bb7 8. 0-0 e6 9. Ng3 Nbd7 10. Re1 Be7 11. a3 0-0 12. Nge4 Qb6 13. Ba2 Rfe8 14. Ng5 Bf8 15. Be3 c5 16. f3 Rac8 17. Qe2 Qc7 18. Kh1 Bd6 19. Bg1 Be5 20. Nd1 Nh5 21. Ne4 Nf4 22. Qd2 f5 23. Ng3 g6 24. c3 Bd6 25. Be3 Nd5 26. Bf2 Bf4 27. Qc2 Qc6 28. Nf1 Bb8 29. Bxd5 Qxd5 30. Nde3 Qc6 31. Rad1 Nf6 32. Qe2 Nh5 33. Nd2 Rcd8 34. Qf1 Qd6 35. Qg1 Qxd3 36. Nb3 c4 37. Rxd3 cxd3 38. Nc5 Bc8 39. Rd1 Nf4 40. Qf1 d2 41. Nb3 Bb7 42. Bh4 Rd6 43. Rxd2 Rxd2 44. Nxd2 e5 45. Nb3 e4 46. Nc5 Bc6 47. fxe4 Bd6 48. Nd3 Rxe4 49. Nxf4 Bxf4 50. Nc2 Be5 51. Bg3 f4 52. Bf2 g5 53. Kg1 g4 54. Qd1 g3 55. Qd8+ Kf7 56. hxg3 fxg3 57. Bc5 Bf4 58. Qf8+ Ke6 59. Qc8+ Kd5 60. Nb4+ Kc4 61. Kf1 Bd2 62. b3+ Kxc3 63. Qh8+ Kxb3 64. Qg8+ Kc3 65. Qxg3+ Kc4 66. Bf2 Bb7 67. Qd3# 1-0

[Event "NRW Class2 1213"]
[Site "Germany"]
[Date "2013.03.10"]
[Round "7.4"]
[White "Van Lanen, Antoon"]
[Black "Loemker, Michael"]
[Result "0-1"]
[WhiteElo "2123"]
[BlackElo "2071"]
[PlyCount "118"]
[EventDate "2012.09.16"]
[EventType "team-tourn"]
[EventRounds "9"]
[EventCountry "GER"]
[SourceTitle "EXT 2017"]
[Source "ChessBase"]
[SourceDate "2016.10.25"]
[SourceVersion "1"]
[SourceVersionDate "2016.10.25"]
[SourceQuality "1"]
[WhiteTeam "Gerresheim"]
[BlackTeam "Herford"]
[WhiteTeamCountry "GER"]
[BlackTeamCountry "GER"]

1. e4 g6 2. d4 Bg7 3. g3 d6 4. Bg2 Nf6 5. Ne2 0-0 6. Nbc3 e5 7. h3 Nc6 8. Be3 a6 9. Qd2 Bd7 10. b3 Re8 11. d5 Ne7 12. 0-0 b5 13. a4 b4 14. Na2 a5 15. c3 bxc3 16. Nexc3 Rf8 17. b4 Ne8 18. b5 f5 19. f3 Nc8 20. Nc1 f4 21. Bf2 fxg3 22. Bxg3 Nf6 23. Bh4 Nxe4 24. Qe1 Nf6 25. Nb3 Ne7 26. Qd2 Nf5 27. Bxf6 Qxf6 28. Ne4 Qh4 29. Qf2 Bh6 30. Qxh4 Nxh4 31. Ra2 Be3+ 32. Kh2 Nf5 33. Rc2 Bb6 34. Rfc1 Ra7 35. Rc3 Ne3 36. Rd3 Bf5 37. Nbd2 Bxe4 38. Nxe4 h6 39. Rc6 Nf5 40. Rdc3 Kg7 41. Rd3 Bd4 42. Rc1 Rf7 43. Ng3 Ne7 44. Ne2 Bb6 45. Rc4 g5 46. h4 Ra8 47. Bh3 Raf8 48. Kg2 gxh4 49. Rxh4 Ng6 50. Re4 Nf4+ 51. Nxf4 Rxf4 52. Ra3 Bc5 53. Rxf4 Rxf4 54. Ra2 Kf6 55. Be6 Kg5 56. Kg3 h5 57. Kg2 Rd4 58. Kg3 Rd3 59. Bf7 e4 0-1

[Event "Dieren op"]
[Site "Dieren"]
[Date "2012.08.02"]
[Round "9"]
[White "Markus, John Raymond"]
[Black "Van Lanen, Antoon"]
[Result "0-1"]
[WhiteElo "2147"]
[BlackElo "2147"]
[PlyCount "142"]
[EventDate "2012.07.24"]
[EventType "swiss"]
[EventRounds "9"]
[EventCountry "NED"]
[SourceTitle "CBM 149 Extra"]
[Source "ChessBase"]
[SourceDate "2012.08.24"]
[SourceVersion "1"]
[SourceVersionDate "2012.08.24"]
[SourceQuality "1"]

1. d4 f5 2. g4 d5 3. gxf5 Bxf5 4. Bf4 e6 5. e3 Bd6 6. Bg3 Nf6 7. c4 c6 8. Nc3 0-0 9. Bd3 Bb4 10. Qc2 Qa5 11. Nge2 dxc4 12. Bxf5 Qxf5 13. 0-0-0 Qxc2+ 14. Kxc2 Nbd7 15. e4 Rae8 16. f3 Nh5 17. Rhf1 b5 18. a3 Bxc3 19. Nxc3 a6 20. Bd6 Rf7 21. f4 Nhf6 22. h3 h6 23. Rde1 g6 24. Na2 a5 25. Nc3 a4 26. d5 exd5 27. exd5 Rxe1 28. Rxe1 Nxd5 29. Re8+ Kg7 30. Rc8 Nxf4 31. Rxc6 Nd3 32. Nxb5 Rf2+ 33. Kc3 Nxb2 34. Rc7 Nd1+ 35. Kxc4 Rf7 36. Kb4 g5 37. Kxa4 Nf2 38. Rc3 Ne4 39. Re3 Nb6+ 40. Kb3 Nd2+ 41. Kc2 Rf2 42. Kd1 Nbc4 43. Re2 Rf1+ 44. Kc2 Nf3 45. Bc5 Rh1 46. Kc3 Nfe5 47. Bd4 Rxh3+ 48. Kb4 Kf6 49. Nd6 Nxd6 50. Rxe5 Kf7 51. Rd5 Ke6 52. Re5+ Kd7 53. Rd5 Kc6 54. Rc5+ Kb7 55. Be5 Rh4+ 56. Kb3 Ne4 57. Rc7+ Kb6 58. Rh7 Nc5+ 59. Kc3 Kb5 60. Rh8 h5 61. Rb8+ Kc6 62. Kc2 Rh3 63. Bc3 g4 64. Bb4 Na6 65. Rh8 Nxb4+ 66. axb4 g3 67. Rg8 h4 68. Kd1 Rh2 69. Ke1 g2 70. Kf2 h3 71. Rg5 Rh1 0-1

[Event "Dieren op"]
[Site "Dieren"]
[Date "2012.08.01"]
[Round "8"]
[White "Van Lanen, Antoon"]
[Black "Maris, Ivo"]
[Result "0-1"]
[WhiteElo "2147"]
[BlackElo "2044"]
[PlyCount "49"]
[EventDate "2012.07.24"]
[EventType "swiss"]
[EventRounds "9"]
[EventCountry "NED"]
[SourceTitle "CBM 149 Extra"]
[Source "ChessBase"]
[SourceDate "2012.08.24"]
[SourceVersion "1"]
[SourceVersionDate "2012.08.24"]
[SourceQuality "1"]

1. e4 c6 2. d4 Na6 3. Nf3 g6 4. Nc3 Nc7 5. Bf4 Bg7 6. Qd2 Ne6 7. Be3 d5 8. exd5 cxd5 9. Ne5 a6 10. 0-0-0 b5 11. a4 Nf6 12. axb5 0-0 13. bxa6 Bxa6 14. Bxa6 Rxa6 15. Qd3 Rb6 16. Na4 Rb8 17. b3 Qc7 18. Qc3 Qd6 19. f3 Rfc8 20. Qb2 Qb4 21. Rd3 Ne8 22. Rhd1 Nd6 23. Qa2 Nf5 24. Nd7 Nxe3 25. Rxe3 0-1

[Event "Dieren op"]
[Site "Dieren"]
[Date "2012.07.25"]
[Round "2"]
[White "Colijn, Stefan"]
[Black "Van Lanen, Antoon"]
[Result "1-0"]
[WhiteElo "2220"]
[BlackElo "2147"]
[PlyCount "125"]
[EventDate "2012.07.24"]
[EventType "swiss"]
[EventRounds "9"]
[EventCountry "NED"]
[SourceTitle "CBM 149 Extra"]
[Source "ChessBase"]
[SourceDate "2012.08.24"]
[SourceVersion "1"]
[SourceVersionDate "2012.08.24"]
[SourceQuality "1"]

1. e4 d5 2. exd5 Qxd5 3. Nf3 g6 4. d4 Bg7 5. c4 Qd8 6. Be2 Nf6 7. 0-0 0-0 8. Nc3 Bg4 9. Be3 c6 10. Qb3 Qc7 11. Rfd1 Nbd7 12. h3 Bxf3 13. Bxf3 Rac8 14. Rac1 b6 15. d5 Ne5 16. Be2 Rfd8 17. dxc6 Nxc6 18. Qa4 e6 19. Nb5 Qb8 20. Rxd8+ Rxd8 21. Bf3 Ne5 22. Qxa7 Nxf3+ 23. gxf3 Qe5 24. Qc7 Qxc7 25. Nxc7 Rb8 26. Rd1 Bf8 27. Nb5 Be7 28. a3 Rb7 29. Kg2 Nd7 30. Nd6 Bxd6 31. Rxd6 Kf8 32. b4 Ke7 33. Rc6 Kd8 34. f4 Rb8 35. a4 Ke7 36. Kf3 Kd8 37. Ke4 Nf6+ 38. Kd3 Nd7 39. Bd4 Ke7 40. Be5 Ra8 41. Bd6+ Kd8 42. a5 bxa5 43. Bc7+ Ke7 44. Bxa5 g5 45. Ke3 gxf4+ 46. Kxf4 Rg8 47. b5 Rg2 48. Bb4+ Kd8 49. Kf3 Rh2 50. Kg3 Rh1 51. Ba5+ Ke7 52. Rc8 Rb1 53. Bd8+ Kd6 54. Rc6+ Ke5 55. b6 Rb3+ 56. Kg2 Rb2 57. c5 Kf5 58. Bc7 Nf6 59. Bg3 e5 60. Rc7 Ke6 61. b7 Nd5 62. Rc6+ Kf5 63. Rb6 1-0

[Event "BL2-West 1011"]
[Site "Germany"]
[Date "2010.10.24"]
[Round "2.5"]
[White "Rotstein, Arkadij"]
[Black "Van Lanen, Antoon"]
[Result "1-0"]
[WhiteElo "2542"]
[BlackElo "2134"]
[PlyCount "73"]
[EventDate "2010.10.10"]
[EventType "team-tourn"]
[EventRounds "9"]
[EventCountry "GER"]
[SourceTitle "EXT 2012"]
[Source "ChessBase"]
[SourceDate "2011.11.24"]
[SourceVersion "1"]
[SourceVersionDate "2011.11.24"]
[SourceQuality "1"]
[WhiteTeam "Koeln Porz"]
[BlackTeam "Gerresheim"]
[WhiteTeamCountry "GER"]
[BlackTeamCountry "GER"]

1. c4 e5 2. g3 Nc6 3. Nc3 g6 4. Bg2 Bg7 5. d3 d6 6. e4 Nge7 7. Nge2 0-0 8. 0-0 Be6 9. Nd5 Qd7 10. Be3 Nd4 11. Nxd4 exd4 12. Bg5 f6 13. Bd2 c6 14. Nf4 Bf7 15. h4 f5 16. Bh3 Kh8 17. Re1 Bg8 18. exf5 Nxf5 19. Qg4 Rae8 20. h5 gxh5 21. Qxh5 Rxe1+ 22. Rxe1 Qf7 23. Qxf7 Rxf7 24. Ne6 Bh6 25. Bxh6 Nxh6 26. Nxd4 Kg7 27. f4 a6 28. Ne6+ Kh8 29. Ng5 Rc7 30. Re8 Kg7 31. Be6 Nf7 32. Rxg8+ Kxg8 33. Nxf7 d5 34. Ng5+ Kh8 35. c5 b6 36. Nf7+ Kg7 37. Nd6 1-0

[Event "BL2-West 0910"]
[Site "Germany"]
[Date "2010.02.28"]
[Round "7.8"]
[White "Van Lanen, Antoon"]
[Black "Kohlweyer, Bernd"]
[Result "1/2-1/2"]
[WhiteElo "2175"]
[BlackElo "2452"]
[PlyCount "180"]
[EventDate "2009.10.18"]
[EventType "team-tourn"]
[EventRounds "9"]
[EventCountry "GER"]
[SourceTitle "EXT 2011"]
[Source "ChessBase"]
[SourceDate "2010.11.26"]
[SourceVersion "1"]
[SourceVersionDate "2010.11.26"]
[SourceQuality "1"]
[WhiteTeam "Gerresheim"]
[BlackTeam "Dortmund Hansa"]
[WhiteTeamCountry "GER"]
[BlackTeamCountry "GER"]

1. e4 c5 2. Ne2 Nf6 3. Nbc3 Nc6 4. g3 d5 5. exd5 Nxd5 6. Bg2 Nc7 7. d3 Ne6 8. Be3 Ned4 9. 0-0 e6 10. Ne4 Qb6 11. Rb1 Be7 12. b4 0-0 13. c3 Nxe2+ 14. Qxe2 Qc7 15. Bxc5 Bxc5 16. bxc5 Bd7 17. d4 Rab8 18. Rb2 b6 19. Rfb1 Na5 20. Qa6 Bc8 21. Qb5 Bd7 22. Qa6 Bc8 23. Qd3 Bd7 24. h3 h6 25. Qa6 Bc8 26. Qxa5 bxa5 27. Rxb8 Ba6 28. Rxf8+ Kxf8 29. Nd6 g5 30. Bb7 Bd3 31. Rb2 a4 32. a3 a6 33. Bg2 Qa5 34. Rb4 Kg8 35. Bc6 e5 36. Bd5 exd4 37. Bxf7+ Kg7 38. cxd4 Bb5 39. Bc4 Bxc4 40. Nxc4 Qc7 41. Nd6 Qc6 42. Nf5+ Kf7 43. Ne3 Ke8 44. Kf1 h5 45. Ke2 h4 46. gxh4 gxh4 47. Rb8+ Kd7 48. Rb6 Qh1 49. Rxa6 Qxh3 50. Rxa4 Qe6 51. Ra7+ Kc8 52. d5 Qh6 53. c6 Qf4 54. Ra8+ Kc7 55. Ra7+ Kc8 56. Rh7 Kb8 57. Kf1 Kc8 58. Rh5 Kd8 59. Kg1 Kc8 60. Rf5 Qd4 61. Kh2 Kb8 62. Kh3 Kc8 63. Rf8+ Kc7 64. Rf7+ Kc8 65. Rf5 Kd8 66. Rg5 Qf4 67. Rf5 Qd4 68. Rf8+ Kc7 69. Rg8 Qf4 70. Rg7+ Kc8 71. Rg2 Kc7 72. a4 Kb6 73. Rh2 Qxa4 74. Kg2 Qf4 75. Rh3 Kc7 76. Rf3 Qe4 77. d6+ Kxd6 78. Nf5+ Kxc6 79. Nxh4 Qxh4 80. Rg3 Qe4+ 81. Kh2 Kd5 82. Re3 Qf4+ 83. Kg2 Kd4 84. Kg1 Qg4+ 85. Rg3 Qd1+ 86. Kg2 Ke4 87. Re3+ Kf4 88. Rg3 Qe2 89. Re3 Qxe3 90. fxe3+ Kxe3 1/2-1/2

[Event "Dieren op"]
[Site "Dieren"]
[Date "2008.07.23"]
[Round "2"]
[White "De Ruiter, Danny"]
[Black "Van Lanen, Antoon"]
[Result "0-1"]
[WhiteElo "2017"]
[BlackElo "2152"]
[PlyCount "100"]
[EventDate "2008.07.22"]
[EventType "swiss"]
[EventRounds "9"]
[EventCountry "NED"]
[SourceTitle "CBM 125 Extra"]
[Source "ChessBase"]
[SourceDate "2008.09.01"]
[SourceVersion "1"]
[SourceVersionDate "2008.09.01"]
[SourceQuality "1"]

1. d4 d5 2. c4 e6 3. Nc3 c5 4. cxd5 exd5 5. Nf3 Nc6 6. e3 Nf6 7. Be2 Be7 8. 0-0 0-0 9. dxc5 Bxc5 10. b3 Be6 11. Bb2 Rc8 12. Rc1 Qe7 13. Nb5 Bb4 14. Nfd4 Rfd8 15. a3 Ba5 16. h3 Bb6 17. Qd3 Ne4 18. Nxc6 bxc6 19. Nc3 Nc5 20. Qc2 d4 21. exd4 Nxb3 22. Rcd1 Nxd4 23. Qe4 Qg5 24. Bc1 Qa5 25. Bb2 Qg5 26. Bc1 Qg6 27. Qxg6 hxg6 28. Ba6 Rc7 29. Be3 Rcd7 30. Bxd4 Rxd4 31. Rc1 Bc4 32. Bxc4 Rxc4 33. Nb1 Rdd4 34. g3 Kf8 35. Kg2 g5 36. Rfe1 f6 37. Kf3 Kf7 38. Red1 Ke6 39. Re1+ Kd7 40. Red1 Ke6 41. Ke2 Ba5 42. Rxd4 Rxc1 43. Ra4 Bb6 44. Nd2 Rc2 45. Kd3 Ra2 46. f3 Bc5 47. Nc4 Rf2 48. Ra5 Bb6 49. Nxb6 axb6 50. Ra6 Rxf3+ 0-1

[Event "Bunratty Masters op 14th"]
[Site "Bunratty"]
[Date "2007.02.24"]
[Round "3"]
[White "Keogh, Eamon"]
[Black "Van Lanen, Antoon"]
[Result "0-1"]
[WhiteElo "2074"]
[BlackElo "2156"]
[PlyCount "51"]
[EventDate "2007.02.23"]
[EventType "swiss"]
[EventRounds "6"]
[EventCountry "IRL"]
[SourceTitle "CBM 117 Extra"]
[Source "ChessBase"]
[SourceDate "2007.05.09"]
[SourceVersion "1"]
[SourceVersionDate "2007.05.09"]
[SourceQuality "1"]

1. e4 d5 2. exd5 Qxd5 3. Nc3 Qd6 4. Bc4 Nf6 5. d3 a6 6. Nf3 Bg4 7. h3 Bh5 8. g4 Bg6 9. Be3 e6 10. Qe2 c6 11. Nh4 Be7 12. Nxg6 hxg6 13. Ne4 Qc7 14. Nxf6+ Bxf6 15. 0-0-0 Nd7 16. f4 Nb6 17. f5 Nxc4 18. dxc4 Qe5 19. c3 gxf5 20. Qf2 fxg4 21. hxg4 Rxh1 22. Rxh1 0-0-0 23. Rh5 Qe4 24. Bb6 Qxg4 25. Bxd8 Qxh5 26. Bb6 0-1

[Event "Bunratty Masters op 14th"]
[Site "Bunratty"]
[Date "2007.02.24"]
[Round "4"]
[White "Williams, Simon Kim"]
[Black "Van Lanen, Antoon"]
[Result "0-1"]
[WhiteElo "2483"]
[BlackElo "2156"]
[PlyCount "150"]
[EventDate "2007.02.23"]
[EventType "swiss"]
[EventRounds "6"]
[EventCountry "IRL"]
[SourceTitle "CBM 117 Extra"]
[Source "ChessBase"]
[SourceDate "2007.05.09"]
[SourceVersion "1"]
[SourceVersionDate "2007.05.09"]
[SourceQuality "1"]

1. d4 d5 2. c4 e6 3. Nc3 c5 4. cxd5 exd5 5. e4 dxe4 6. Bc4 Nf6 7. Qb3 Be6 8. Bxe6 fxe6 9. Qxe6+ Qe7 10. Qc8+ Qd8 11. Qxb7 Nbd7 12. Nxe4 Be7 13. Nxf6+ Bxf6 14. Qe4+ Kf7 15. Qd5+ Kg6 16. g4 Re8+ 17. Kf1 h6 18. Nf3 Qe7 19. Kg2 cxd4 20. Re1 Qd8 21. Bf4 Nb6 22. Qf5+ Kf7 23. g5 Qd5 24. Qh7 hxg5 25. Bxg5 d3 26. Bxf6 Kxf6 27. Qh4+ Kf7 28. Qg5 Qxg5+ 29. Nxg5+ Kg6 30. Nf3 Rxe1 31. Rxe1 Rd8 32. Rd1 Kf5 33. Kg3 Nc4 34. b3 Ne5 35. Nd2 Rd4 36. f3 Rd6 37. Rc1 Rg6+ 38. Kf2 Rh6 39. Nf1 Rh3 40. Ng3+ Kf4 41. Kg2 d2 42. Rd1 Rxg3+ 43. hxg3+ Ke3 44. f4 Nf3 45. f5 Ke2 46. Ra1 Ne1+ 47. Kh3 Nd3 48. Rh1 Ne1 49. Rh2+ Ke3 50. Rxd2 Kxd2 51. g4 Ke3 52. g5 Nf3 53. g6 Ng5+ 54. Kg4 Ne4 55. b4 Nf6+ 56. Kg5 Ke4 57. a4 Ke5 58. b5 Ne4+ 59. Kg4 Nd6 60. Kg5 Nxf5 61. a5 Nd6 62. b6 axb6 63. axb6 Nb7 64. Kg4 Kf6 65. Kf4 Kxg6 66. Ke5 Kf7 67. Kd5 g5 68. Kc6 Nd8+ 69. Kd5 Kf6 70. Ke4 Ke6 71. Kf3 Kf5 72. Kf2 Ke5 73. Kg3 Kd6 74. Kg4 Ne6 75. Kf3 Kc6 0-1

[Event "Bunratty Masters op 14th"]
[Site "Bunratty"]
[Date "2007.02.23"]
[Round "1"]
[White "Hanly, Steven"]
[Black "Van Lanen, Antoon"]
[Result "0-1"]
[WhiteElo "1986"]
[BlackElo "2156"]
[PlyCount "100"]
[EventDate "2007.02.23"]
[EventType "swiss"]
[EventRounds "6"]
[EventCountry "IRL"]
[SourceTitle "CBM 117 Extra"]
[Source "ChessBase"]
[SourceDate "2007.05.09"]
[SourceVersion "1"]
[SourceVersionDate "2007.05.09"]
[SourceQuality "1"]

1. d4 d5 2. Nf3 c5 3. e3 Nf6 4. b3 Nc6 5. Bb2 Bg4 6. Be2 e6 7. Nbd2 Be7 8. 0-0 0-0 9. Ne5 Bxe2 10. Qxe2 Rc8 11. Ndf3 Qa5 12. c4 Rfd8 13. Rfd1 cxd4 14. exd4 dxc4 15. bxc4 Nxe5 16. Nxe5 Ba3 17. Bxa3 Qxa3 18. Rac1 h6 19. Qf3 Qxf3 20. Nxf3 b6 21. Kf1 Rc7 22. Rd2 Rdc8 23. Rdc2 Kf8 24. Ke2 Ke7 25. h3 Nd7 26. Kd3 Kd6 27. Re1 Rc6 28. Ne5 Nxe5+ 29. Rxe5 f6 30. Re1 e5 31. dxe5+ fxe5 32. Re4 b5 33. Rg4 g5 34. h4 Rxc4 35. Rcxc4 Rxc4 36. Rxc4 bxc4+ 37. Kxc4 gxh4 38. Kb5 Kd5 39. Ka6 Kd4 40. Kxa7 Kd3 41. a4 Ke2 42. a5 Kxf2 43. a6 e4 44. Kb6 e3 45. a7 e2 46. a8Q e1Q 47. Qf3+ Kg1 48. Qh5 Qe3+ 49. Kb5 Qg5+ 50. Qxg5 hxg5 0-1

[Event "Dieren op"]
[Site "Dieren"]
[Date "2005.08.02"]
[Round "7"]
[White "Markus, Aernout"]
[Black "Van Lanen, Antoon"]
[Result "0-1"]
[WhiteElo "2138"]
[BlackElo "2149"]
[PlyCount "76"]
[EventDate "2005.07.26"]
[EventType "swiss"]
[EventRounds "9"]
[EventCountry "NED"]
[SourceTitle "CBM 107 Extra"]
[Source "ChessBase"]
[SourceDate "2005.09.01"]
[SourceVersion "1"]
[SourceVersionDate "2005.09.01"]
[SourceQuality "1"]

1. e4 c5 2. Nf3 d6 3. d4 cxd4 4. Nxd4 Nf6 5. Nc3 e6 6. Bc4 Nc6 7. Be3 a6 8. Bb3 Be7 9. Qe2 0-0 10. 0-0-0 Qc7 11. Rhg1 Na5 12. g4 b5 13. g5 Nxb3+ 14. Nxb3 Nd7 15. a3 Re8 16. Qh5 Bb7 17. Rg3 Rac8 18. Nd4 Nf8 19. Nf5 Bxe4 20. Nxd6 Bxd6 21. Rxd6 Bg6 22. Qd1 a5 23. Bb6 Qb8 24. Bxa5 e5 25. Rd5 Qa7 26. Bb4 Qxf2 27. Rd2 Qb6 28. Nd5 Qb7 29. h4 Ne6 30. Qf3 Bxc2 31. Bc3 e4 32. Qf5 Bd3 33. Rgg2 Kh8 34. Nf6 Rxc3+ 35. bxc3 gxf6 36. gxf6 Qc8 37. Kb2 Nc5 38. Rg7 Qxf5 0-1

[Event "Dieren op"]
[Site "Dieren"]
[Date "2005.07.28"]
[Round "3"]
[White "Van Lanen, Antoon"]
[Black "Khmelniker, Ilya"]
[Result "1-0"]
[WhiteElo "2149"]
[BlackElo "2447"]
[PlyCount "143"]
[EventDate "2005.07.26"]
[EventType "swiss"]
[EventRounds "9"]
[EventCountry "NED"]
[SourceTitle "CBM 107 Extra"]
[Source "ChessBase"]
[SourceDate "2005.09.01"]
[SourceVersion "1"]
[SourceVersionDate "2005.09.01"]
[SourceQuality "1"]

1. e4 e5 2. Nf3 Nc6 3. d4 exd4 4. Nxd4 Nf6 5. Nxc6 bxc6 6. Bd3 d5 7. exd5 cxd5 8. 0-0 Be7 9. c4 d4 10. Bg5 0-0 11. h3 Bb7 12. Nd2 Nd7 13. Bxe7 Qxe7 14. Re1 Qf6 15. Be4 Rab8 16. b3 Nc5 17. Bxb7 Rxb7 18. Ne4 Nxe4 19. Rxe4 c5 20. Qh5 Re7 21. Rae1 Rxe4 22. Rxe4 d3 23. Qd5 Qa1+ 24. Kh2 Qxa2 25. Qxd3 Qxf2 26. Qe3 Qc2 27. Re8 g6 28. Rxf8+ Kxf8 29. Qxc5+ Ke8 30. Qe5+ Kd7 31. Qd5+ Ke7 32. Qc5+ Ke6 33. Qd5+ Ke7 34. b4 Qf2 35. Qe5+ Kd7 36. Qd5+ Kc7 37. Qe5+ Kb7 38. Qd5+ Kc7 39. Qe5+ Kb7 40. c5 Qd2 41. Qe4+ Kc7 42. Qe7+ Kc6 43. Qe8+ Kc7 44. Qxf7+ Kc6 45. Qe8+ Kc7 46. Qe4 a6 47. Qe7+ Kc6 48. Qe6+ Kc7 49. Qb6+ Kd7 50. Qb7+ Ke8 51. Qc8+ Ke7 52. Qc7+ Ke8 53. Qe5+ Kd7 54. Qe4 Kc7 55. Kg1 Qc1+ 56. Kf2 Qd2+ 57. Kf3 Qd1+ 58. Kf4 Qc1+ 59. Ke5 a5 60. bxa5 Qxc5+ 61. Qd5 Qe7+ 62. Kd4 Qh4+ 63. Kc5 Qf2+ 64. Kb4 Qb2+ 65. Kc5 Qc3+ 66. Kb5 Qb2+ 67. Kc4 Qc2+ 68. Kd4 Qd2+ 69. Ke5 Qg5+ 70. Ke6 Qc1 71. a6 Qb1 72. Qb7+ 1-0

[Event "Dieren op"]
[Site "Dieren"]
[Date "2005.07.26"]
[Round "1"]
[White "Brandenburg, Daan"]
[Black "Van Lanen, Antoon"]
[Result "1-0"]
[WhiteElo "2371"]
[BlackElo "2149"]
[PlyCount "55"]
[EventDate "2005.07.26"]
[EventType "swiss"]
[EventRounds "9"]
[EventCountry "NED"]
[SourceTitle "CBM 107 Extra"]
[Source "ChessBase"]
[SourceDate "2005.09.01"]
[SourceVersion "1"]
[SourceVersionDate "2005.09.01"]
[SourceQuality "1"]

1. e4 c5 2. Nf3 d6 3. d4 cxd4 4. Nxd4 Nf6 5. Nc3 e6 6. Be3 a6 7. f4 Qc7 8. Be2 Be7 9. g4 Nc6 10. g5 Nd7 11. Rg1 Nc5 12. Nxc6 Qxc6 13. Qd4 0-0 14. 0-0-0 b5 15. Bf3 Rb8 16. e5 Qxf3 17. exd6 Bxd6 18. Rg3 Qa8 19. Qxd6 Nb7 20. Qe7 e5 21. Nd5 Bf5 22. Qxe5 Rfe8 23. Qxf5 Nd6 24. Qg4 Ne4 25. Nc7 Qc6 26. Nxe8 Rc8 27. Rg2 Rxe8 28. Qd7 1-0